[Event "ZN-2020-0-04172"]
[White "Trebichalsky, Rastislav"]
[Black "Tobey, Al"]
[Site "LSS email"]
[Round "?"]
[Result "0-1"]
[Date "2020.06.19"]
[WhiteElo "412"]
[BlackElo "501"]
[PlyCount "32"]
[EventDate "2020.06.19"]
[EventType "match (corr)"]
[EventRounds "2"]
[EventCountry "GER"]
[SourceTitle "Corr 2022"]
[Source "ChessBase"]
[SourceDate "2021.10.24"]
[SourceVersion "1"]
[SourceVersionDate "2021.10.24"]
[SourceQuality "1"]

1. e4 e5 2. Nf3 d6 3. d4 Nd7 4. d5 Ngf6 5. Bg5 Be7 6. Bb5 0-0 7. Bxd7 Bxd7 8. Bxf6 Bxf6 9. Qd2 b6 10. Nc3 h6 11. 0-0-0 a6 12. h3 c5 13. g4 b5 14. a3 a5 15. h4 Bxg4 16. Qe3 Rb8 0-1

[Event "SN-2017-0-00881"]
[White "Simmons, Ernest"]
[Black "Trebichalsky, Rastislav"]
[Site "LSS email"]
[Round "?"]
[Result "1-0"]
[Date "2017.10.01"]
[WhiteElo "688"]
[BlackElo "429"]
[PlyCount "121"]
[EventDate "2017.09.15"]
[EventType "tourn (corr)"]
[EventRounds "6"]
[EventCountry "GER"]
[SourceTitle "Corr 2022"]
[Source "ChessBase"]
[SourceDate "2021.10.24"]
[SourceVersion "1"]
[SourceVersionDate "2021.10.24"]
[SourceQuality "1"]

1. d4 d5 2. c4 b6 3. Nc3 dxc4 4. e3 Bb7 5. d5 Nf6 6. Bxc4 Nbd7 7. Nf3 c6 8. dxc6 Bxc6 9. 0-0 e6 10. Bd2 Be7 11. Re1 Ne4 12. Nxe4 Bxe4 13. Be2 Bxf3 14. Bxf3 Rc8 15. Bc3 Bf6 16. Rc1 Bxc3 17. Rxc3 Nf6 18. Rd3 Qe7 19. Qa4+ Kf8 20. Red1 g6 21. h3 Kg7 22. a3 Nd5 23. Bxd5 exd5 24. Qd4+ f6 25. Qxd5 Rhd8 26. Qb3 Rxd3 27. Qxd3 Rc7 28. Ra1 Rb7 29. Qd5 Rd7 30. Qf3 a5 31. Rd1 Rxd1+ 32. Qxd1 b5 33. Qd5 Qe5 34. Qxe5 fxe5 35. e4 Kf6 36. Kf1 Kg5 37. Ke2 Kf4 38. Kd3 g5 39. b3 h6 40. g4 Kf3 41. Kc3 Kxe4 42. Kd2 Kf3 43. Ke1 Kg2 44. Ke2 Kxh3 45. f3 Kh4 46. Kf2 h5 47. gxh5 Kxh5 48. Kg3 g4 49. fxg4+ Kg5 50. Kf3 e4+ 51. Kxe4 Kxg4 52. Kd4 b4 53. a4 Kf3 54. Kc4 Ke3 55. Kb5 Kd3 56. Kxa5 Kc3 57. Kb5 Kxb3 58. a5 Ka3 59. a6 b3 60. a7 b2 61. a8Q+ 1-0

[Event "SN-2017-0-00881"]
[White "Trebichalsky, Rastislav"]
[Black "Boukadoum, Mohamed"]
[Site "LSS email"]
[Round "?"]
[Result "1-0"]
[Date "2017.09.30"]
[WhiteElo "429"]
[BlackElo "687"]
[PlyCount "77"]
[EventDate "2017.09.15"]
[EventType "tourn (corr)"]
[EventRounds "6"]
[EventCountry "GER"]
[SourceTitle "Corr 2022"]
[Source "ChessBase"]
[SourceDate "2021.10.24"]
[SourceVersion "1"]
[SourceVersionDate "2021.10.24"]
[SourceQuality "1"]

1. e4 d5 2. exd5 Qxd5 3. Nc3 Qa5 4. h3 Nf6 5. a3 Bf5 6. d3 e6 7. Bd2 c6 8. Nce2 Qd8 9. Nc3 Bd6 10. Nf3 0-0 11. g4 Bg6 12. g5 Nd5 13. Nxd5 cxd5 14. h4 f6 15. h5 Bf5 16. gxf6 Qxf6 17. Bc3 e5 18. Kd2 Bg4 19. Bg2 Bxf3 20. Bxf3 Qxf3 21. Qxf3 Rxf3 22. Raf1 d4 23. Bb4 Bxb4+ 24. Ke2 Rf5 25. f3 Rg5 26. axb4 Nc6 27. b5 Nb4 28. c3 Nd5 29. Kd2 Rg2+ 30. Ke1 dxc3 31. bxc3 Nxc3 32. Rf2 Rxf2 33. Kxf2 Rf8 34. Re1 Nxb5 35. Rxe5 a6 36. Kg3 Nd6 37. Kg4 b5 38. Rd5 Nf7 39. f4 1-0

[Event "SN-2017-0-00881"]
[White "Trebichalsky, Rastislav"]
[Black "Wakeham, Marc R"]
[Site "LSS email"]
[Round "?"]
[Result "0-1"]
[Date "2017.09.30"]
[WhiteElo "429"]
[BlackElo "759"]
[PlyCount "60"]
[EventDate "2017.09.15"]
[EventType "tourn (corr)"]
[EventRounds "6"]
[EventCountry "GER"]
[SourceTitle "Corr 2022"]
[Source "ChessBase"]
[SourceDate "2021.10.24"]
[SourceVersion "1"]
[SourceVersionDate "2021.10.24"]
[SourceQuality "1"]

1. e4 d6 2. h3 g6 3. d4 Bg7 4. Nf3 Nf6 5. Nc3 0-0 6. Bg5 Re8 7. Bxf6 Bxf6 8. e5 dxe5 9. dxe5 Bg7 10. Bd3 Nc6 11. Qe2 Be6 12. 0-0-0 Qc8 13. g4 a6 14. Rhg1 b5 15. b4 Nxb4 16. a3 Nxd3+ 17. cxd3 c5 18. Kd2 Rd8 19. Ke1 Bd5 20. Nxd5 Rxd5 21. Kf1 Qb7 22. d4 cxd4 23. Rxd4 Rad8 24. h4 Rxd4 25. Nxd4 Rxd4 26. e6 f6 27. g5 f5 28. f3 Rxh4 29. Qe3 Bd4 30. Qe1 Qxf3+ 0-1

[Event "SN-2017-0-00881"]
[White "Vontina, Maria"]
[Black "Trebichalsky, Rastislav"]
[Site "LSS email"]
[Round "?"]
[Result "1-0"]
[Date "2017.09.30"]
[WhiteElo "784"]
[BlackElo "429"]
[PlyCount "67"]
[EventDate "2017.09.15"]
[EventType "tourn (corr)"]
[EventRounds "6"]
[EventCountry "GER"]
[SourceTitle "Corr 2022"]
[Source "ChessBase"]
[SourceDate "2021.10.24"]
[SourceVersion "1"]
[SourceVersionDate "2021.10.24"]
[SourceQuality "1"]

1. e4 e5 2. Nf3 d6 3. d4 Bg4 4. dxe5 Bxf3 5. Qxf3 Qe7 6. exd6 Qxd6 7. Be2 a6 8. 0-0 Nd7 9. Rd1 Qe6 10. Nc3 Bd6 11. Bf4 0-0-0 12. Bxd6 cxd6 13. Nd5 Ne7 14. Qc3+ Nc5 15. Nxe7+ Qxe7 16. b4 b6 17. bxc5 dxc5 18. Bxa6+ Kc7 19. f3 f6 20. a4 Rxd1+ 21. Rxd1 Rd8 22. Rxd8 Qxd8 23. Qd3 Qe7 24. Bb5 g6 25. Kf2 Kb7 26. Qd5+ Ka7 27. Qd7+ Qxd7 28. Bxd7 Ka6 29. Bb5+ Ka5 30. c4 Kb4 31. f4 Kc3 32. Ke3 h6 33. e5 fxe5 34. fxe5 1-0

[Event "ZN-2017-0-03556"]
[White "Trebichalsky, Rastislav"]
[Black "Trzebiatowski, Krzysztof"]
[Site "LSS email"]
[Round "?"]
[Result "0-1"]
[Date "2017.06.05"]
[WhiteElo "451"]
[BlackElo "2061"]
[PlyCount "50"]
[EventDate "2017.05.27"]
[EventType "match (corr)"]
[EventRounds "2"]
[EventCountry "GER"]
[SourceTitle "Corr 2022"]
[Source "ChessBase"]
[SourceDate "2021.10.24"]
[SourceVersion "1"]
[SourceVersionDate "2021.10.24"]
[SourceQuality "1"]

1. e4 e5 2. Nf3 Nf6 3. Nxe5 d6 4. Nxf7 Kxf7 5. Bc4+ Be6 6. Bxe6+ Kxe6 7. 0-0 Be7 8. d4 Kf7 9. e5 Nd5 10. Qf3+ Ke6 11. Re1 Rf8 12. exd6+ Kxd6 13. Qg3+ Kd7 14. c4 Nf6 15. Nc3 Kc8 16. Qh3+ Nbd7 17. d5 Kb8 18. Qg3 Bd6 19. Qxg7 Rg8 20. Qh6 a6 21. a3 Ng4 22. Qxh7 Rh8 23. Qf7 Bxh2+ 24. Kf1 Rf8 25. Qg6 Rxf2# 0-1

[Event "OP-2017-0-04349"]
[White "Abascal, Rodrigo"]
[Black "Trebichalsky, Rastislav"]
[Site "LSS email"]
[Round "?"]
[Result "1-0"]
[Date "2017.05.15"]
[WhiteElo "800"]
[BlackElo "455"]
[PlyCount "45"]
[EventDate "2017.05.09"]
[EventType "tourn (corr)"]
[EventRounds "4"]
[EventCountry "GER"]
[SourceTitle "Corr 2022"]
[Source "ChessBase"]
[SourceDate "2021.10.24"]
[SourceVersion "1"]
[SourceVersionDate "2021.10.24"]
[SourceQuality "1"]

1. d4 d5 2. c4 dxc4 3. Nf3 Bg4 4. Ne5 Be6 5. e4 Nc6 6. Nxc6 bxc6 7. Be3 h6 8. Qc2 Nf6 9. Bxc4 Bxc4 10. Qxc4 Qd6 11. Nd2 Ng4 12. Bf4 Qd7 13. Nf3 g6 14. h3 Nf6 15. Ne5 Qe6 16. Qxe6 fxe6 17. Nxg6 Rg8 18. Nxf8 Rxf8 19. Bxh6 Rg8 20. e5 Ne4 21. Be3 Rxg2 22. Ke2 Rb8 23. Kf3 1-0

[Event "OP-2017-0-04349"]
[White "Trebichalsky, Rastislav"]
[Black "Henke, Simon"]
[Site "LSS email"]
[Round "?"]
[Result "0-1"]
[Date "2017.05.15"]
[WhiteElo "455"]
[BlackElo "1566"]
[PlyCount "49"]
[EventDate "2017.05.09"]
[EventType "tourn (corr)"]
[EventRounds "4"]
[EventCountry "GER"]
[SourceTitle "Corr 2022"]
[Source "ChessBase"]
[SourceDate "2021.10.24"]
[SourceVersion "1"]
[SourceVersionDate "2021.10.24"]
[SourceQuality "1"]

1. e4 e5 2. Nf3 d6 3. Bb5+ c6 4. Bc4 Nd7 5. d3 Be7 6. h4 h6 7. Nc3 Ngf6 8. d4 b5 9. dxe5 dxe5 10. Be2 b4 11. Na4 Nxe4 12. Be3 0-0 13. Qd3 Nef6 14. Bd2 e4 15. Qb3 exf3 16. Bxf3 Bb7 17. 0-0-0 Rc8 18. Bxb4 Bxb4 19. Qxb4 Rb8 20. Nc5 Qe7 21. Rxd7 Nxd7 22. Nd3 c5 23. Qf4 Bxf3 24. Qxf3 c4 25. Nf4 0-1

[Event "SN-2017-0-00847"]
[White "Trebichalsky, Rastislav"]
[Black "Hughes, Peter James"]
[Site "LSS email"]
[Round "?"]
[Result "0-1"]
[Date "2017.05.05"]
[WhiteElo "441"]
[BlackElo "526"]
[PlyCount "78"]
[EventDate "2017.04.16"]
[EventType "tourn (corr)"]
[EventRounds "6"]
[EventCountry "GER"]
[SourceTitle "Corr 2022"]
[Source "ChessBase"]
[SourceDate "2021.10.24"]
[SourceVersion "1"]
[SourceVersionDate "2021.10.24"]
[SourceQuality "1"]

1. e4 e5 2. Nf3 Nc6 3. Bb5 a6 4. Bxc6 bxc6 5. d4 exd4 6. Qxd4 Bb7 7. Qe5+ Be7 8. Qxg7 Bf6 9. Qg4 Qe7 10. Bg5 0-0-0 11. c3 h6 12. Bf4 Qxe4+ 13. Kf1 Qd3+ 14. Ke1 Re8+ 15. Be3 a5 16. Nd4 Bg5 17. Qe2 Qg6 18. Kd1 c5 19. Nf3 Nf6 20. h3 Nd5 21. Nbd2 Ba6 22. Qxa6+ Kb8 23. Qb5+ Qb6 24. Qxb6+ cxb6 25. Nxg5 hxg5 26. Bxg5 f6 27. Be3 Nxe3+ 28. fxe3 Rxe3 29. Nc4 Rg3 30. Rh2 Kc7 31. Ke2 f5 32. Rf1 Rf8 33. Rf3 f4 34. Rxg3 fxg3 35. Rh1 Rf2+ 36. Ke1 Rxg2 37. Kf1 Rf2+ 38. Kg1 d5 39. Ne3 d4 0-1

[Event "SN-2017-0-00847"]
[White "Trebichalsky, Rastislav"]
[Black "Lombardi, Donato"]
[Site "LSS email"]
[Round "?"]
[Result "0-1"]
[Date "2017.05.05"]
[WhiteElo "441"]
[BlackElo "901"]
[PlyCount "45"]
[EventDate "2017.04.16"]
[EventType "tourn (corr)"]
[EventRounds "6"]
[EventCountry "GER"]
[SourceTitle "Corr 2022"]
[Source "ChessBase"]
[SourceDate "2021.10.24"]
[SourceVersion "1"]
[SourceVersionDate "2021.10.24"]
[SourceQuality "1"]

1. e4 e6 2. a3 d5 3. exd5 exd5 4. d4 Bd6 5. Bb5+ c6 6. Bd3 Nf6 7. Bg5 0-0 8. Bxf6 Qxf6 9. c3 Re8+ 10. Ne2 Bg4 11. f3 Bh5 12. Qc2 Nd7 13. Nd2 Qh4+ 14. Kd1 Qf2 15. g4 Bg6 16. Bxg6 Qxe2+ 17. Kc1 hxg6 18. Kb1 Nb6 19. Ka2 Nc4 20. Rhd1 Bf4 21. Re1 Qxd2 22. Qxd2 Nxd2 23. Rxe8+ 0-1

[Event "SN-2017-0-00847"]
[White "Trebichalsky, Rastislav"]
[Black "Newton, Daryl"]
[Site "LSS email"]
[Round "?"]
[Result "1-0"]
[Date "2017.05.05"]
[WhiteElo "441"]
[BlackElo "342"]
[PlyCount "109"]
[EventDate "2017.04.16"]
[EventType "tourn (corr)"]
[EventRounds "6"]
[EventCountry "GER"]
[SourceTitle "Corr 2022"]
[Source "ChessBase"]
[SourceDate "2021.10.24"]
[SourceVersion "1"]
[SourceVersionDate "2021.10.24"]
[SourceQuality "1"]

1. e4 e5 2. Nf3 Qf6 3. b3 Bc5 4. Bb2 d6 5. Bb5+ c6 6. Bc4 Nh6 7. Qe2 Bg4 8. h3 Bxf3 9. gxf3 Qg6 10. Qf1 0-0 11. Rg1 Qh5 12. Be2 b5 13. f4 Qh4 14. fxe5 Qxe4 15. Qg2 Qg6 16. exd6 Bxd6 17. Nc3 a6 18. 0-0-0 Be5 19. d4 Bf4+ 20. Kb1 Qf6 21. d5 Ra7 22. dxc6 Nxc6 23. Nd5 Qg6 24. Nxf4 Qxg2 25. Rxg2 Nf5 26. Bd3 Nce7 27. Rg5 Rd7 28. Kc1 Nd4 29. Nh5 g6 30. Nf6+ Kg7 31. Nxd7 f6 32. Rg4 Rd8 33. Nc5 Rd6 34. Bxd4 Nc6 35. Bc3 a5 36. Bxb5 Ne5 37. Bxe5 Rb6 38. c4 fxe5 39. Re4 Rf6 40. Rf1 Rf3 41. h4 Rc3+ 42. Kb2 Rh3 43. Nd7 Rd3 44. Nxe5 Rd2+ 45. Ka3 Rd8 46. Rf4 Rd2 47. Rg1 Rd6 48. h5 Kh6 49. Nf7+ Kxh5 50. Nxd6 g5 51. Rf5 h6 52. Be8+ Kh4 53. Rf6 h5 54. Rh6 g4 55. Rxh5# 1-0

[Event "RN-2017-0-01273"]
[White "D'Emilia, Jack"]
[Black "Trebichalsky, Rastislav"]
[Site "LSS email"]
[Round "?"]
[Result "1-0"]
[Date "2017.04.04"]
[WhiteElo "952"]
[BlackElo "441"]
[PlyCount "71"]
[EventDate "2017.03.22"]
[EventType "tourn (corr)"]
[EventRounds "6"]
[EventCountry "GER"]
[SourceTitle "Corr 2022"]
[Source "ChessBase"]
[SourceDate "2021.10.24"]
[SourceVersion "1"]
[SourceVersionDate "2021.10.24"]
[SourceQuality "1"]

1. d4 d5 2. e4 dxe4 3. Nc3 f5 4. f3 exf3 5. Nxf3 e6 6. Ne5 Qe7 7. Qh5+ Kd8 8. Nf7+ Kd7 9. Nxh8 h6 10. Qf7 Qxf7 11. Nxf7 Ke7 12. Ne5 Nf6 13. Ng6+ Kf7 14. Ne5+ Ke7 15. Ng6+ Kf7 16. Nxf8 Kxf8 17. Nb5 Na6 18. Bf4 Nd5 19. Be5 Bd7 20. Na3 Kf7 21. Bxa6 bxa6 22. 0-0 a5 23. Rae1 a4 24. c4 Nb4 25. g4 Nd3 26. Re2 c5 27. Nb5 Bxb5 28. cxb5 cxd4 29. gxf5 Nxe5 30. Rxe5 Kf6 31. Rxe6+ Kf7 32. Rd1 Rd8 33. Ra6 Rd5 34. Rxa7+ Kf6 35. b6 Rxf5 36. Rxd4 1-0

[Event "SN-2016-0-00757"]
[White "Newton, Daryl"]
[Black "Trebichalsky, Rastislav"]
[Site "LSS email"]
[Round "?"]
[Result "1-0"]
[Date "2016.04.27"]
[WhiteElo "398"]
[BlackElo "453"]
[PlyCount "91"]
[EventDate "2016.04.09"]
[EventType "tourn (corr)"]
[EventRounds "6"]
[EventCountry "GER"]
[SourceTitle "Corr 2022"]
[Source "ChessBase"]
[SourceDate "2021.10.24"]
[SourceVersion "1"]
[SourceVersionDate "2021.10.24"]
[SourceQuality "1"]

1. e4 e5 2. Bc4 Nf6 3. d3 Nc6 4. Nf3 h6 5. c3 Bc5 6. d4 exd4 7. cxd4 Bb4+ 8. Bd2 Bxd2+ 9. Nbxd2 d5 10. exd5 Nxd5 11. Qe2+ Nde7 12. Ne5 Nxe5 13. Qxe5 f6 14. Qe2 Bf5 15. Qf3 Nc6 16. Qxf5 Qe7+ 17. Ne4 Nxd4 18. Qg6+ Kd7 19. Qg4+ Ne6 20. Rd1+ Ke8 21. Bxe6 Rd8 22. Qh5+ Kf8 23. Bf5 Re8 24. 0-0 Qe5 25. Rd7 Re7 26. Rd8+ Re8 27. Rd7 Re7 28. Qg6 Rxd7 29. Bxd7 Ke7 30. Qxg7+ Kd8 31. Qxh8+ Ke7 32. Qg7+ Kd8 33. Nxf6 c6 34. Qf8+ Kc7 35. Qc8+ Kb6 36. Qd8+ Kb5 37. b3 h5 38. a4+ Kb4 39. Rb1 a6 40. Qf8+ Qc5 41. Qb8 Qb6 42. Nxh5 Ka3 43. Qd6+ Ka2 44. Qd1 Ka3 45. Qd2 a5 46. Ra1+ 1-0

[Event "SN-2016-0-00757"]
[White "Trebichalsky, Rastislav"]
[Black "Masek, Lubos"]
[Site "LSS email"]
[Round "?"]
[Result "0-1"]
[Date "2016.04.27"]
[WhiteElo "453"]
[BlackElo "1014"]
[PlyCount "34"]
[EventDate "2016.04.09"]
[EventType "tourn (corr)"]
[EventRounds "6"]
[EventCountry "GER"]
[SourceTitle "Corr 2022"]
[Source "ChessBase"]
[SourceDate "2021.10.24"]
[SourceVersion "1"]
[SourceVersionDate "2021.10.24"]
[SourceQuality "1"]

1. e4 c5 2. Nf3 d6 3. Bc4 e6 4. d4 cxd4 5. Qxd4 Nc6 6. Qe3 Be7 7. Bd2 Nf6 8. Nc3 a6 9. Nd4 Bd7 10. Nxc6 Bxc6 11. 0-0-0 b5 12. Bb3 0-0 13. f4 Rc8 14. a3 a5 15. Ne2 a4 16. Ba2 Bxe4 17. Bb4 Rxc2+ 0-1

[Event "SN-2016-0-00732"]
[White "Trebichalsky, Rastislav"]
[Black "Neil, Charles"]
[Site "LSS email"]
[Round "?"]
[Result "0-1"]
[Date "2016.02.03"]
[WhiteElo "481"]
[BlackElo "496"]
[PlyCount "36"]
[EventDate "2016.01.16"]
[EventType "tourn (corr)"]
[EventRounds "6"]
[EventCountry "GER"]
[SourceTitle "Corr 2022"]
[Source "ChessBase"]
[SourceDate "2021.10.24"]
[SourceVersion "1"]
[SourceVersionDate "2021.10.24"]
[SourceQuality "1"]

1. e4 c5 2. d4 cxd4 3. Qxd4 Nc6 4. Qd3 Nf6 5. Bg5 d6 6. Bxf6 gxf6 7. h3 e5 8. Nc3 Be6 9. Be2 Be7 10. 0-0-0 Qd7 11. Qe3 0-0-0 12. Bb5 Kb8 13. Bxc6 Qxc6 14. Nge2 Rc8 15. f4 Rhg8 16. g4 exf4 17. Nxf4 Bxa2 18. Nxa2 Qxc2# 0-1

[Event "ZN-2016-0-03246"]
[White "Kuttner, Jaromir"]
[Black "Trebichalsky, Rastislav"]
[Site "LSS email"]
[Round "?"]
[Result "1-0"]
[Date "2016.01.20"]
[WhiteElo "716"]
[BlackElo "481"]
[PlyCount "133"]
[EventDate "2016.01.14"]
[EventType "match (corr)"]
[EventRounds "2"]
[EventCountry "GER"]
[SourceTitle "Corr 2022"]
[Source "ChessBase"]
[SourceDate "2021.10.24"]
[SourceVersion "1"]
[SourceVersionDate "2021.10.24"]
[SourceQuality "1"]

1. e4 e5 2. Nf3 d6 3. d4 Bg4 4. c3 Bxf3 5. Qxf3 Qf6 6. Bc4 Qxf3 7. gxf3 exd4 8. cxd4 a6 9. Nc3 Nf6 10. Bg5 Be7 11. f4 h6 12. Bh4 Nbd7 13. 0-0-0 0-0 14. Rhg1 Rfe8 15. e5 dxe5 16. fxe5 Nh5 17. Bxe7 Rxe7 18. Nd5 Rae8 19. Nxe7+ Rxe7 20. Rg4 g5 21. h4 Ng7 22. hxg5 hxg5 23. Rxg5 Kf8 24. Rdg1 f6 25. Rh1 Ne6 26. Rh8+ Kf7 27. Rh7+ Ke8 28. Rh8+ Nef8 29. Rgg8 fxe5 30. dxe5 Rxe5 31. Kd2 b5 32. Bb3 a5 33. a4 bxa4 34. Bxa4 Rd5+ 35. Ke3 Re5+ 36. Kf4 Re2 37. Bxd7+ Kxd7 38. Rxf8 Rxf2+ 39. Ke3 Rxb2 40. Rf7+ Kc6 41. Rh6+ Kb7 42. Rhh7 Rc2 43. Kd3 Ra2 44. Rxc7+ Kb6 45. Rb7+ Kc5 46. Rhc7+ Kd6 47. Rc2 Ra3+ 48. Rc3 Ra1 49. Rb6+ Kd5 50. Rb5+ Kd6 51. Rb6+ Kd5 52. Rb5+ Kd6 53. Kc2 Ra4 54. Kb3 Rb4+ 55. Rxb4 axb4 56. Kxb4 Kd5 57. Rd3+ Ke5 58. Kc4 Ke4 59. Rd8 Ke5 60. Rd1 Ke4 61. Re1+ Kf5 62. Kd4 Kf4 63. Rf1+ Kg3 64. Ke4 Kg4 65. Rg1+ Kh3 66. Kf4 Kh4 67. Rh1# 1-0

[Event "OP-2016-0-03915"]
[White "Bearce, Harold L"]
[Black "Trebichalsky, Rastislav"]
[Site "LSS email"]
[Round "?"]
[Result "0-1"]
[Date "2016.01.03"]
[WhiteElo "323"]
[BlackElo "498"]
[PlyCount "22"]
[EventDate "2015.12.29"]
[EventType "tourn (corr)"]
[EventRounds "4"]
[EventCountry "GER"]
[SourceTitle "Corr 2022"]
[Source "ChessBase"]
[SourceDate "2021.10.24"]
[SourceVersion "1"]
[SourceVersionDate "2021.10.24"]
[SourceQuality "1"]

1. e4 e5 2. Nf3 d6 3. d4 Bg4 4. dxe5 Bxf3 5. Qxf3 dxe5 6. Bc4 Qf6 7. Qxf6 Nxf6 8. h3 Nxe4 9. 0-0 Bc5 10. Bd3 Bxf2+ 11. Kh1 Ng3+ 0-1

[Event "SN-2016-0-00724"]
[White "Cherry, Brian"]
[Black "Trebichalsky, Rastislav"]
[Site "LSS email"]
[Round "?"]
[Result "1-0"]
[Date "2016.01.03"]
[WhiteElo "482"]
[BlackElo "498"]
[PlyCount "61"]
[EventDate "2015.12.18"]
[EventType "tourn (corr)"]
[EventRounds "6"]
[EventCountry "GER"]
[SourceTitle "Corr 2022"]
[Source "ChessBase"]
[SourceDate "2021.10.24"]
[SourceVersion "1"]
[SourceVersionDate "2021.10.24"]
[SourceQuality "1"]

1. e4 e5 2. Nf3 d6 3. d4 Bg4 4. Be2 Bxf3 5. Bxf3 exd4 6. Qxd4 Nc6 7. Qa4 h6 8. Bf4 Qf6 9. Bd2 Nge7 10. Nc3 0-0-0 11. 0-0-0 Kb8 12. Be3 Qe6 13. Nb5 a6 14. Nd4 Nxd4 15. Qxd4 Nc6 16. Qd5 Nb4 17. Qxe6 fxe6 18. Kb1 Be7 19. c3 Nc6 20. Be2 e5 21. Rhf1 Bg5 22. Bxg5 hxg5 23. Rd3 Ne7 24. Rfd1 b5 25. Rg3 d5 26. Rgd3 c6 27. h3 Ng6 28. exd5 Kc7 29. g3 Rxh3 30. Bf3 Ne7 31. d6+ 1-0

[Event "SN-2016-0-00724"]
[White "Lenz, Juergen"]
[Black "Trebichalsky, Rastislav"]
[Site "LSS email"]
[Round "?"]
[Result "1-0"]
[Date "2016.01.03"]
[WhiteElo "1053"]
[BlackElo "498"]
[PlyCount "45"]
[EventDate "2015.12.18"]
[EventType "tourn (corr)"]
[EventRounds "6"]
[EventCountry "GER"]
[SourceTitle "Corr 2022"]
[Source "ChessBase"]
[SourceDate "2021.10.24"]
[SourceVersion "1"]
[SourceVersionDate "2021.10.24"]
[SourceQuality "1"]

1. d4 d5 2. Bf4 h6 3. e3 Nf6 4. c4 e6 5. Nc3 Bb4 6. Nf3 Bxc3+ 7. bxc3 Ne4 8. Qc2 Nd7 9. Bd3 Ndf6 10. Ne5 Bd7 11. 0-0 Qe7 12. f3 Ng5 13. h4 Nh3+ 14. gxh3 Nh5 15. Bh2 Qxh4 16. Qg2 Qf6 17. Nxd7 Kxd7 18. cxd5 Rae8 19. f4 Kc8 20. dxe6 fxe6 21. Be4 b6 22. Bb7+ Kb8 23. Ba6 1-0

[Event "OP-2016-0-03915"]
[White "Neumann, Frank"]
[Black "Trebichalsky, Rastislav"]
[Site "LSS email"]
[Round "?"]
[Result "1/2-1/2"]
[Date "2016.01.03"]
[WhiteElo "516"]
[BlackElo "498"]
[PlyCount "119"]
[EventDate "2015.12.29"]
[EventType "tourn (corr)"]
[EventRounds "4"]
[EventCountry "GER"]
[SourceTitle "Corr 2022"]
[Source "ChessBase"]
[SourceDate "2021.10.24"]
[SourceVersion "1"]
[SourceVersionDate "2021.10.24"]
[SourceQuality "1"]

1. b4 b6 2. Bb2 Bb7 3. e4 Bxe4 4. Nf3 Bxf3 5. Qxf3 Nc6 6. Be2 a6 7. 0-0 Nxb4 8. Qc3 a5 9. a3 Nd5 10. Qd4 e6 11. c4 Ndf6 12. Re1 Bc5 13. Qf4 h6 14. Nc3 Qe7 15. Qxc7 Qd8 16. Qxd8+ Rxd8 17. Na4 Rc8 18. Nxc5 Rxc5 19. Bd4 Rh5 20. Bxh5 Nxh5 21. Re3 Ke7 22. Bxb6 a4 23. Re5 Ngf6 24. Ra5 Rb8 25. Be3 Ne4 26. d3 Nc3 27. Bd4 Ne2+ 28. Kf1 Nxd4 29. Rxa4 Nf4 30. c5 Nxd3 31. Rxd4 Nxc5 32. a4 Ra8 33. Rc4 d6 34. g3 f5 35. Kg2 e5 36. Kf3 e4+ 37. Kf4 Ke6 38. g4 g5+ 39. Kg3 f4+ 40. Kg2 f3+ 41. Kf1 Kd5 42. Rcc1 Rxa4 43. Rxa4 Nxa4 44. Rd1+ Ke5 45. Ra1 Nb2 46. Ra2 Nd3 47. Ra6 Nf4 48. Ra5+ d5 49. Rb5 h5 50. gxh5 Nxh5 51. Rc5 g4 52. Ra5 Kd4 53. Ra4+ Ke5 54. Ra5 e3 55. fxe3 g3 56. hxg3 Nxg3+ 57. Kf2 Nf5 58. Kxf3 Nh4+ 59. Kg3 Nf5+ 60. Kf3 1/2-1/2

[Event "SN-2016-0-00724"]
[White "Raines, David T"]
[Black "Trebichalsky, Rastislav"]
[Site "LSS email"]
[Round "?"]
[Result "1-0"]
[Date "2016.01.03"]
[WhiteElo "1135"]
[BlackElo "498"]
[PlyCount "35"]
[EventDate "2015.12.18"]
[EventType "tourn (corr)"]
[EventRounds "6"]
[EventCountry "GER"]
[SourceTitle "Corr 2022"]
[Source "ChessBase"]
[SourceDate "2021.10.24"]
[SourceVersion "1"]
[SourceVersionDate "2021.10.24"]
[SourceQuality "1"]

1. d4 d5 2. Bf4 e6 3. Nf3 Bd6 4. Bg5 Be7 5. Bf4 Bd6 6. Bg5 f6 7. Bh4 Ne7 8. e3 a6 9. Bd3 Nbc6 10. c3 Nf5 11. Bg3 Nxg3 12. hxg3 Bd7 13. Nbd2 e5 14. Bc2 Qe7 15. dxe5 Bxe5 16. Nxe5 fxe5 17. Qh5+ Qf7 18. Bg6 1-0

[Event "OP-2016-0-03915"]
[White "Trebichalsky, Rastislav"]
[Black "Czaban, Tomasz"]
[Site "LSS email"]
[Round "?"]
[Result "0-1"]
[Date "2016.01.03"]
[WhiteElo "498"]
[BlackElo "1362"]
[PlyCount "38"]
[EventDate "2015.12.29"]
[EventType "tourn (corr)"]
[EventRounds "4"]
[EventCountry "GER"]
[SourceTitle "Corr 2022"]
[Source "ChessBase"]
[SourceDate "2021.10.24"]
[SourceVersion "1"]
[SourceVersionDate "2021.10.24"]
[SourceQuality "1"]

1. e4 e5 2. Bc4 Nf6 3. Qf3 c6 4. Ne2 d5 5. exd5 cxd5 6. Bb5+ Nc6 7. Bxc6+ bxc6 8. d3 Bc5 9. Be3 Qe7 10. a3 Rb8 11. b3 Bxe3 12. Qxe3 0-0 13. Nd2 Re8 14. h3 h6 15. 0-0-0 d4 16. Qg3 Qxa3+ 17. Kb1 a5 18. Nc4 Qb4 19. Rd2 a4 0-1

[Event "SN-2015-0-00711"]
[White "Trebichalsky, Rastislav"]
[Black "Bearce, Harold L"]
[Site "LSS email"]
[Round "?"]
[Result "1-0"]
[Date "2015.10.27"]
[WhiteElo "495"]
[BlackElo "370"]
[PlyCount "69"]
[EventDate "2015.10.16"]
[EventType "tourn (corr)"]
[EventRounds "6"]
[EventCountry "GER"]
[SourceTitle "Corr 2022"]
[Source "ChessBase"]
[SourceDate "2021.10.24"]
[SourceVersion "1"]
[SourceVersionDate "2021.10.24"]
[SourceQuality "1"]

1. e4 c6 2. Bc4 d5 3. exd5 cxd5 4. Bb5+ Bd7 5. Bxd7+ Qxd7 6. b3 Nf6 7. Bb2 Qd6 8. Na3 e6 9. Bxf6 gxf6 10. Nb5 Qd7 11. Nd4 Nc6 12. Ndf3 Bc5 13. d4 Bb6 14. Ne2 Ke7 15. 0-0 f5 16. g3 Rag8 17. c4 Nb4 18. c5 Bc7 19. a3 Nc6 20. Nc3 f4 21. Nb5 fxg3 22. fxg3 a6 23. Ne5 Nxe5 24. Nxc7 Nc6 25. Nxe6 fxe6 26. Qd2 Qe8 27. Rae1 Rf8 28. Rf4 Rxf4 29. Qxf4 Qd8 30. Qh4+ Kd7 31. Qf4 Rf8 32. Qd6+ Kc8 33. Qxe6+ Kb8 34. b4 Nxd4 35. Qe5+ 1-0